Oil sheikhs / (Record no. 350725)

000 -LEADER
fixed length control field 00934cam a2200313 i 4500
001 - CONTROL NUMBER
control field 1296001
003 - CONTROL NUMBER IDENTIFIER
control field OSt
005 - DATE AND TIME OF LATEST TRANSACTION
control field 20180116183024.0
008 - FIXED-LENGTH DATA ELEMENTS--GENERAL INFORMATION
fixed length control field 761217r1976 enkaf 001 0 eng
010 ## - LIBRARY OF CONGRESS CONTROL NUMBER
LC control number 76382004
015 ## - NATIONAL BIBLIOGRAPHY NUMBER
National bibliography number GB***
020 ## - INTERNATIONAL STANDARD BOOK NUMBER
International Standard Book Number 0297771922 :
Terms of availability £5.25
040 ## - CATALOGING SOURCE
Original cataloging agency DLC
Transcribing agency DLC
Modifying agency DLC
043 ## - GEOGRAPHIC AREA CODE
Geographic area code ma-----
050 00 - LIBRARY OF CONGRESS CALL NUMBER
Classification number HC498.9.W4
Item number B58 1976
082 00 - DEWEY DECIMAL CLASSIFICATION NUMBER
Classification number 813.54
Edition number 19
100 1# - MAIN ENTRY--PERSONAL NAME
Personal name Blandford, Linda.
240 10 - UNIFORM TITLE
Uniform title Super-wealth
245 10 - TITLE STATEMENT
Title Oil sheikhs /
Statement of responsibility, etc. Linda Blandford.
260 ## - PUBLICATION, DISTRIBUTION, ETC.
Place of publication, distribution, etc. London :
Name of publisher, distributor, etc. Weidenfeld and Nicolson,
Date of publication, distribution, etc. c1976.
300 ## - PHYSICAL DESCRIPTION
Extent x, 286 p., [4] leaves of plates :
Other physical details ill. ;
Dimensions 23 cm.
500 ## - GENERAL NOTE
General note American ed. published under title: Super-wealth.
500 ## - GENERAL NOTE
General note Includes index.
650 #0 - SUBJECT ADDED ENTRY--TOPICAL TERM
Topical term or geographic name entry element Wealth
Geographic subdivision Arab countries.
650 #0 - SUBJECT ADDED ENTRY--TOPICAL TERM
Topical term or geographic name entry element Capitalists and financiers
Geographic subdivision Arab countries.
650 #0 - SUBJECT ADDED ENTRY--TOPICAL TERM
Topical term or geographic name entry element Millionaires.
906 ## - LOCAL DATA ELEMENT F, LDF (RLIN)
a 7
b cbc
c orignew
d 3
e ncip
f 19
g y-gencatlg
942 ## - ADDED ENTRY ELEMENTS (KOHA)
Source of classification or shelving scheme
Koha item type Book
Call number prefix 813.54
Holdings
Withdrawn status Lost status Source of classification or shelving scheme Damaged status Not for loan Collection code Permanent Location Current Location Shelving location Date acquired Total Checkouts Total Renewals Full call number Barcode Checked out Date last seen Date last checked out Price effective from Koha item type
            Central Library (CL) Central Library (CL) Fiction 12/02/2015 5 3 813.54 BLA NBSD-2256 03/26/2026 06/14/2025 06/14/2025 12/02/2015 Book
© 2023 Central Library, National University of Sciences and Technology. All Rights Reserved.